Expressions qui contiennent un animal - Statistiques

Statistiques générales
  • Ce quiz a été pris 2 136 fois
  • Le résultat moyen est 23 sur 35
Statistiques - réponses
Expression Nom d'animal à trouver % Correct
Avoir une faim de _ Loup
100%
Il ne faut pas vendre la peau de l'_ avant de l'avoir tué Ours
97%
Un froid de _ Canard
93%
Etre une vraie _ mouillée Poule
93%
Prendre le _ par les cornes Taureau
91%
Appeler un _ un _ Chat
90%
Etre le _ de la farce Dindon
90%
Avoir un oeil de _ Lynx
89%
Rusé comme un _ Renard
86%
Ce n'est pas à un vieux _ qu'on apprend à faire la grimace Singe
86%
Il pleut comme _ qui pisse Vache
86%
Désigner comme le _ émissaire Bouc
85%
Avoir des _ dans les jambes Fourmis
83%
Avoir un caractère de _ Cochon
82%
Poser un _ Lapin
81%
Avoir une haleine de _ Chacal
78%
Myope comme une _ Taupe
78%
Entrer comme un _ dans un jeu de quilles Chien
68%
Etre muet comme une _ Carpe
65%
Etre fait comme un _ Rat
65%
Etre nu comme un _ Ver
64%
Une langue de _ Vipère
64%
Etre fort comme un _ Boeuf
62%
Dormir comme un _ Loir
62%
Tu raterais un _ dans un corridor Elephant
58%
Cherche des _ à quelqu'un Poux
56%
Puer comme un _ Putois
56%
Avoir une fièvre de _ Cheval
52%
Etre gai comme un _ Pinson
42%
Avoir des yeux de _ Biche
38%
Etre fier comme un _ Paon
35%
Rire comme une _ Baleine
32%
Etre un vrai _ en affaires Requin
21%
Etre rouge comme une _ Ecrevisse
17%
Quel drôle de _ Zèbre
7%
Aucun quiz correspondant
Distribution des résultats
% des personnes avec chaque résultat
Percentile par nombre de réponses
Votre historique - résultats
Vous n’avez pas pris ce quiz